Fernando Fajnzylber: una visión renovadora del desarrollo en América Latina
I tiakina i:
| Kaituhi matua: | |
|---|---|
| Hōputu: | Pukapuka |
| Reo: | Pāniora |
| I whakaputaina: |
Santiago
Cepal
2006
|
| Rangatū: | Libros de la Cepal, 92
|
| Ngā marau: | |
| Ngā Tūtohu: |
Tāpirihia he Tūtohu
Kāore He Tūtohu, Me noho koe te mea tuatahi ki te tūtohu i tēnei pūkete!
|
MARC
| LEADER | 00000nam a2200000 a 4500 | ||
|---|---|---|---|
| 001 | UCJ2599 | ||
| 003 | CL-VaPUC | ||
| 008 | 070104e20060000CL |||||||||||||||||spa|d | ||
| 020 | |a 9213229631 | ||
| 082 | 0 | 4 | |a 338.098 |b TOR |2 21 |
| 100 | 0 | |a Torres Olivo, Miguel |e author |9 503554 | |
| 245 | 1 | 0 | |a Fernando Fajnzylber: una visión renovadora del desarrollo en América Latina |
| 300 | |a 416 p | ||
| 942 | |c BK | ||
| 945 | |d 20070104 00:00:00 |a jtorresc | ||
| 260 | |a Santiago |b Cepal |c 2006 | ||
| 650 | 0 | |a Industrialización |9 263687 | |
| 650 | 0 | |a Condiciones económicas |9 258255 | |
| 650 | 0 | |a Desarrollo económico |9 259599 | |
| 650 | 0 | |a Aspectos sociales |9 254894 | |
| 650 | 0 | |a Política económica |9 255029 | |
| 651 | 0 | |a América Latina |9 255027 | |
| 583 | |a last modification |c 20070104 00:00:00 |k Rodrigo Vera | ||
| 490 | 0 | |a Libros de la Cepal, 92 | |
| 999 | |c 318794 |d 318792 | ||
| 952 | |0 0 |1 0 |4 0 |6 338_098000000000000_TOR_2006 |7 0 |8 A |9 396920 |a BIBGIM |b BIBGIM |d 2019-11-22 |i 4309855 |o 338.098 TOR 2006 |p 4309855 |r 2025-01-15 |w 2019-11-22 |y BK |k GIM | ||